MANAGEMENT OF BANKING AND FINANCIAL SERV (Record no. 38118)

MARC details
000 -LEADER
fixed length control field 00266nam a2200109Ia 4500
008 - FIXED-LENGTH DATA ELEMENTS--GENERAL INFORMATION
fixed length control field 240625s9999 xx 000 0 und d
041 ## - LANGUAGE CODE
Language code of text/sound track or separate title eng
082 ## - DEWEY DECIMAL CLASSIFICATION NUMBER
Classification number 332.1 PAD
100 ## - MAIN ENTRY--PERSONAL NAME
Personal name SURESH PADMALATHA
245 ## - TITLE STATEMENT
Title MANAGEMENT OF BANKING AND FINANCIAL SERV
260 ## - PUBLICATION, DISTRIBUTION, ETC.
Date of publication, distribution, etc. 2010
Holdings
Withdrawn status Lost status Damaged status Not for loan Home library Current library Shelving location Date acquired Source of acquisition Full call number Barcode Date last seen Price effective from Koha item type
        IMTN IMTN Rack 9-B 05/20/2016 32917 332.1 PAD BB36 06/25/2024 06/25/2024 Book Bank
Designed & Maintained by: LRC IMT Nagpur Contact: lrc@imtnag.ac.in© 2024. All Rights Reserved.